000 01962nam0a2200373 4500
001 RU\NLR\BIBL_A\011861525
005 20181128154634.0
010 _a978-5-93332-599-4
021 _aRU
_bАЛ-П-19-00529и
_9АЛ-П-19-0102
035 _a(NLR Aleph) 011861525
090 _a12156384
_c12156384
100 _a20181113d2017 k y0rusy50 ca
101 0 _arus
102 _aRU
105 _aac z 001yd
200 1 _aГенрих Семирадский и колония русских художников в Риме
_eк 175-летию Генриха Семирадского
_e[альбом
_fсоставитель: Павел Климов
_gавторы статей: Елена Карпова и др.
_gбиографии, аннотации: Ирина Верховская и др.]
210 _aСанкт-Петербург
_cPalace Editions
_d2017
215 _a215 c.
_cил., цв. ил., портр.
_d31
225 1 _aАльманах
_fРусский музей
_vвып. 517
320 _aБиблиогр. в примеч. в конце ст.
600 1 _aСемирадский
_bГ.И.
_f1843 - 1902
_gГенрих Ипполитович
_jАльбомы
_92091884
_3RU\NLR\AUTH\661266078
606 1 _aИзобразительное искусство русское
_jАльбомы
_z19 в.
_92080146
_3RU\NLR\AUTH\661256061
686 1 _aЩ143(2Р=Рус)5-8Семирадский я61
686 1 _aЩ103(2Р=Рус)5я61
702 1 _4570
_aСемирадский
_bХ.
_cхудожник
_f1843-1902
_gХенрык
_9132397
_3RU\NLR\AUTH\770132431
702 1 _aКлимов
_bП.
_gПавел
_4220
712 0 2 _4570
_aГосударственный Русский музей
_cСанкт-Петербург
_9278750
_3RU\NLR\AUTH\883719
942 _cBOOK
980 _aNBR
980 _aNB